The Institute of Bankers: (Record no. 4364)
[ view plain ]
| 000 -LEADER | |
|---|---|
| fixed length control field | 00485nam a22001457a 4500 |
| 008 - FIXED-LENGTH DATA ELEMENTS--GENERAL INFORMATION | |
| fixed length control field | 140905b xxu||||| |||| 00| 0 eng d |
| 020 ## - INTERNATIONAL STANDARD BOOK NUMBER | |
| International Standard Book Number | 0444415882 |
| 050 ## - LIBRARY OF CONGRESS CALL NUMBER | |
| Classification number | KD1715.A52 L44(vol 2) |
| 245 ## - TITLE STATEMENT | |
| Title | The Institute of Bankers: |
| Statement of responsibility, etc. | edited by John R. Paget |
| Remainder of title | legal decisions affecting bankers, vol 2, 1900-1910. / |
| 260 ## - PUBLICATION, DISTRIBUTION, ETC. | |
| Place of publication, distribution, etc. | Stevenage,England: |
| Name of publisher, distributor, etc. | Pear Tree, |
| Date of publication, distribution, etc. | 2004. |
| 300 ## - PHYSICAL DESCRIPTION | |
| Extent | x,288p.: |
| 440 ## - SERIES STATEMENT/ADDED ENTRY--TITLE | |
| Name of part/section of a work | Institute of Bankers, 1900-1910 |
| Volume/sequential designation | vol 2 |
| 700 ## - ADDED ENTRY--PERSONAL NAME | |
| Personal name | Paget,John R. |
| 942 ## - ADDED ENTRY ELEMENTS (KOHA) | |
| Source of classification or shelving scheme | Library of Congress Classification |
| Koha item type | Books |
| Withdrawn status | Lost status | Source of classification or shelving scheme | Damaged status | Not for loan | Home library | Current library | Shelving location | Date acquired | Total Checkouts | Full call number | Barcode | Date last seen | Copy number | Price effective from | Koha item type |
|---|---|---|---|---|---|---|---|---|---|---|---|---|---|---|---|
| Library of Congress Classification | WISCONSIN INTERNATIONAL UNIVERSITY COLLEGE, GHANA - MAIN LIBRARY | WISCONSIN INTERNATIONAL UNIVERSITY COLLEGE, GHANA - MAIN LIBRARY | Law Library | 05/09/2014 | KD1715.A52 L44(vol 2) | 292/13 | 05/09/2014 | 1 | 05/09/2014 | Books | |||||
| Library of Congress Classification | WISCONSIN INTERNATIONAL UNIVERSITY COLLEGE, GHANA - MAIN LIBRARY | WISCONSIN INTERNATIONAL UNIVERSITY COLLEGE, GHANA - MAIN LIBRARY | Law Library | 05/09/2014 | KD1715.A52 L441(vol 2) | 293/13 | 05/09/2014 | 2 | 05/09/2014 | Books | |||||
| Library of Congress Classification | WISCONSIN INTERNATIONAL UNIVERSITY COLLEGE, GHANA - MAIN LIBRARY | WISCONSIN INTERNATIONAL UNIVERSITY COLLEGE, GHANA - MAIN LIBRARY | Law Library | 05/09/2014 | KD1715.A52 L442(vol 2) | 294/13 | 05/09/2014 | 3 | 05/09/2014 | Books |
